American cities-Sudden Death - Statistics

General Stats
  • This quiz has been taken 82 times
  • The average score is 12 of 16
Answers on the Grid
Answers color-coded by a green-red scale on the quiz's grid according to % correct below.
New York City
Los Angeles
Chicago
Philadelphia
Houston
San Francisco
Washington D.C
Boston
Miami
Little Rock
Portland
Omaha
Buffalo
Louisville
Tucson
Cedar City
Havana
Tijuana
Toronto
Vancouver
Calgary
Edmonton
Winnipeg
Belmopan
Merida
Mississauga
Adelaide
Alice Springs
Auckland
Darwin
Ottowa
Nuuk
 
Answer Stats
Answer % Correct
Buffalo
88%
Boston
84%
Los Angeles
84%
New York City
84%
Chicago
81%
Houston
78%
Louisville
78%
Portland
78%
San Francisco
78%
Washington D.C
78%
Little Rock
72%
Miami
72%
Tucson
72%
Philadelphia
69%
Omaha
63%
Cedar City
44%
No matching quizzes found
Score Distribution
Percent of People with Each Score
Percentile by Number Answered
Your Score History
You have not taken this quiz